YAML generator for CI/CD pipelines in React web applications

Salvato in:
Dettagli Bibliografici
Autore principale: Cák, Filip (Autore)
Altri autori: Dakić, Pavle (Relatore della tesi)
Natura: Manoscritto Libro
Lingua:slovacco
inglese
Pubblicazione: 2025
Soggetti:
Accesso online:http://is.stuba.sk/zp/portal_zp.pl?podrobnosti=183580
Tags: Aggiungi Tag
Nessun Tag, puoi essere il primo ad aggiungerne!!

MARC

LEADER 00000ntm a22000003a 4500
001 stuzp105755
003 SK-STU
005 20250607211504.2
007 ta
008 150427s2015----xo-----f-mn---000-0-slo-d
040 |a STU  |b slo 
041 0 |a eng 
100 1 |a Cák, Filip  |u 070200  |4 aut  |U FIIT Fakulta informatiky a informačných technológií  |T FIIT Ústav informatiky, informačných systémov a softvérového inžinierstva  |X 110774  |U I200  |Y 179  |7 110774 
242 0 1 |a YAML generátor pre CI/CD potrubia v React webových aplikáciách  |y slo 
245 1 0 |a YAML generator for CI/CD pipelines in React web applications 
260 |c 2025 
650 4 |a CI/CD  |2 eng 
650 4 |a Pipeline scripts  |2 eng 
650 4 |a YAML Code  |2 eng 
650 4 |a CI/CD  |2 slo 
650 4 |a Skripty potrubí  |2 slo 
650 4 |a Kód YAML  |2 slo 
700 1 |a Dakić, Pavle  |4 ths  |X 108381  |7 108381 
856 4 |u http://is.stuba.sk/zp/portal_zp.pl?podrobnosti=183580